000 00680cam a22002413a 4500
001 31107
003 PGUSA
005 20140828083655.0
008 100128s2010||||xxu|||||s|||||000 | eng d
040 _aPGUSA
_beng
042 _adc
050 4 _aLB
100 1 _aLigthart, Jan,
_d1859-1916
245 1 0 _aJeugdherinneringen
_h[electronic resource] /
_cJan Ligthart
260 _bProject Gutenberg,
_c2010
506 _aPublic domain in the USA.
516 _aElectronic text
653 _aEducators -- Netherlands -- Biography
653 _aLigthart, Jan, 1859-1916
830 0 _aProject Gutenberg
_v31107
856 4 0 _uhttp://www.gutenberg.org/ebooks/31107
942 _cEB
999 _c260362
_d260362